[Event "PER-ch45"]
[Site "Peru"]
[Date "1997.??.??"]
[Round "8"]
[White "Galvan, Jesus"]
[Black "Urday, Henry"]
[Result "0-1"]
[WhiteElo "2115"]
[BlackElo "2440"]

1.d4 Nf6 2.c4 e6 3.Nc3 Bb4 4.f3 d5 5.a3 Bxc3+ 6.bxc3 c5 7.cxd5 Nxd5 8.dxc5 Qa5
9.e4 Ne7 10.Be3 O-O 11.Qb3 Qc7 12.a4 Nec6 13.f4 Na5 14.Qa3 Nd7 15.Nf3 b6
16.cxb6 axb6 17.Nd2 Bb7 18.Be2 f5 19.O-O fxe4 20.Rfb1 Rac8 21.c4 Rf6 22.Rb5 Bc6
23.Rg5 h6 24.Rg4 Rcf8 25.Bd4 e5 26.fxe5 Nxe5 27.Qg3 Re6 28.Rb1 Qe7 29.Rf4 Rxf4
30.Qxf4 e3 31.Nf1 Naxc4 32.Rc1 Bd5 33.Bxe5 Nxe5 34.Nxe3 Bb7 35.Ng4 Ng6 36.Qc4 Kh8
37.Rc2 Rc6 38.Qa2 Qe4 39.Rxc6 Bxc6 40.Kf1 Qxg2+ 41.Ke1 Nf4 42.Nf2 Qg1+ 43.Bf1 Bf3
44.Qf7 Ng2+ 45.Kd2 Qxf2+ 46.Kc3 Qe1+ 47.Kb2 Qd2+ 48.Ka3 Qd6+ 49.Kb2 Qf6+  0-1

[Event "Porto San Giorgio op"]
[Site "Porto San Giorgio"]
[Date "1997.??.??"]
[Round "3"]
[White "Khenkin, Igor"]
[Black "Naumkin, Igor"]
[Result "0-1"]
[WhiteElo "2550"]
[BlackElo "2410"]

1.d4 e6 2.c4 Nf6 3.Nc3 Bb4 4.f3 d5 5.a3 Bxc3+ 6.bxc3 c5 7.cxd5 Nxd5 8.dxc5 f5
9.e4 fxe4 10.Qc2 e3 11.Bb5+ Bd7 12.Bd3 Na6 13.Bxa6 bxa6 14.Ne2 Qa5 15.O-O Qxc5
16.a4 Rc8 17.Rd1 Qc6 18.Rd4 O-O 19.Rh4 h6 20.Rxh6 gxh6 21.Qg6+ Kh8 22.Qxh6+ Kg8
23.Qg6+ Kh8 24.Qh6+ Kg8 25.Qg6+ Kh8 26.c4 Nf6 27.Bb2 e5 28.Bxe5 Be8 29.Qh6+ Kg8
30.Rd1 Qb6 31.Bd6 Rf7 32.Qg6+ Kh8 33.Rd4 Rg7 34.Qh6+ Kg8 35.Qxe3 Bf7 36.c5 Qb1+
37.Kf2 Qa2 38.Be5 Re8 39.c6 Nd5 40.Rxd5 Bxd5 41.c7 Bb7  0-1

[Event "WchT U26"]
[Site "Roque Saenz Pena"]
[Date "1997.??.??"]
[Round "6"]
[White "Riline Orso, Alejandro"]
[Black "Bakre, Tejas"]
[Result "0-1"]
[WhiteElo "2250"]
[BlackElo "2305"]

1.d4 Nf6 2.c4 e6 3.Nc3 Bb4 4.f3 d5 5.a3 Be7 6.e4 dxe4 7.fxe4 e5 8.d5 O-O
9.Nf3 Re8 10.Bd3 Bc5 11.Bg5 h6 12.Bh4 Bg4 13.h3 Bh5 14.g4 Bg6 15.Qe2 c6 16.O-O-O Qd6
17.Bc2 cxd5 18.Nxd5 Nxd5 19.Rxd5 Qc7 20.Bg3 f6 21.h4 Bf7 22.g5 Bxd5 23.exd5 Nd7
24.Qe4 Nf8 25.gxf6 gxf6 26.b4 Bb6 27.Rh2 Qh7 28.Qe2 e4 29.Nd2 f5 30.c5 Bd8
31.Rg2 Kh8 32.Nc4 Ng6 33.Nd6 Bxh4 34.Ba4 Bg5+ 35.Kd1 Rf8 36.Qb2+ Qg7 37.Qxg7+ Kxg7
38.c6 bxc6 39.Bxc6 Rad8 40.Nb7 f4 41.Nxd8 Rxd8 42.Be1 Ne7 43.Bc3+ Kg6 44.Ke1 f3
45.Rh2 Nxd5 46.Bd4 Kf5 47.b5 e3 48.Bxa7 Bf4 49.Rc2 Bg3+ 50.Kf1 e2+ 51.Rxe2 fxe2+
52.Kxe2 Ke6 53.a4 Bb8 54.b6 Bxa7 55.bxa7 Nc7  0-1

[Event "Navarro mem"]
[Site "Santiago de Chile"]
[Date "1997.??.??"]
[Round "4"]
[White "Llorens, Marcelo"]
[Black "Arancibia, Eduardo"]
[Result "1-0"]
[WhiteElo "2235"]
[BlackElo "2250"]

1.d4 Nf6 2.c4 e6 3.Nc3 Bb4 4.f3 d5 5.a3 Be7 6.c5 O-O 7.e3 b6 8.b4 Re8 9.Bd3 Bf8
10.Nge2 a5 11.Rb1 axb4 12.axb4 e5 13.O-O g6 14.Qb3 Nc6 15.Bb5 Bb7 16.e4 Nxd4
17.Nxd4 exd4 18.Bxe8 dxc3 19.c6 Ba6 20.b5 Qxe8 21.Ra1 Bxb5 22.Rxa8 Bc5+ 23.Kh1 Qxa8
24.Qxb5 d4 25.Bf4 Ne8 26.h4 Qa5 27.Qc4 Qb4 28.Qd5 Bd6 29.e5 Qc5 30.Qe4 Be7
31.Rd1 b5 32.Rxd4 b4 33.Rc4 Qf2 34.Bh6 Bc5 35.Kh2 Qg1+ 36.Kh3 Qh1+ 37.Kg3 Qg1
38.Qe2 Be7 39.Rf4 Qc5 40.Qa2 Bf6 41.Rxf6 Qxe5+ 42.Rf4  1-0

[Event "UKR-ch20"]
[Site "Simferopol"]
[Date "1997.??.??"]
[Round "8"]
[White "Fuks, Sergey"]
[Black "Zubarev, Alexander"]
[Result "1/2-1/2"]
[WhiteElo "2290"]
[BlackElo "2380"]

1.d4 Nf6 2.c4 e6 3.Nc3 Bb4 4.f3 d5 5.a3 Be7 6.e4 dxe4 7.fxe4 e5 8.d5 Bc5
9.Bg5 h6 10.Bh4 O-O 11.Bd3 Re8 12.h3 Nbd7 13.Qf3 g5 14.Bf2 Bxf2+ 15.Qxf2 c6
16.Nge2 Nh5 17.O-O-O Qb6 18.Qf3 Ndf6 19.Rdf1 Bd7 20.Kb1 Rac8 21.g3 Kg7 22.Nd1 cxd5
23.cxd5 Qb3 24.Nc1 Rxc1+ 25.Kxc1 Bxh3 26.Rxh3 g4 27.Qe2 gxh3 28.Ne3 Rc8+
29.Kb1 Rc3 30.Nf5+ Kf8 31.Bc2 Rxc2 32.Qxc2 Qxc2+ 33.Kxc2 Nxe4 34.Rh1 Ng5
35.Kd3 Ke8 36.Ke2 Kd7 37.Rd1 Nf6 38.Nxh6 Nge4 39.g4 Ng5 40.Rf1 Nxd5 41.Nf5 Nf4+  1/2-1/2

[Event "Sochi"]
[Site "Sochi"]
[Date "1997.??.??"]
[Round "?"]
[White "Volkov, Sergey"]
[Black "Kiriakov, Petr"]
[Result "1/2-1/2"]
[WhiteElo "2480"]
[BlackElo "2530"]

1.d4 Nf6 2.c4 e6 3.Nc3 Bb4 4.f3 d5 5.a3 Be7 6.e4 c5 7.e5 Nfd7 8.cxd5 exd5
9.Nxd5 cxd4 10.Nxe7 Qxe7 11.f4 f6 12.Qxd4 fxe5 13.Qe3 Nc6 14.Nf3 O-O 15.Bc4+ Kh8
16.O-O exf4 17.Qxe7 Nxe7 18.Ba2 Nb6 19.Re1 Ng6 20.Bd2 Bg4 21.Bb4 Rfe8 22.Ng5 h6
23.Nf7+ Kh7 24.Nd6 Rxe1+ 25.Rxe1 a5 26.Bd2 Rd8 27.Ne4 Na4 28.b3 Nb2 29.Bxa5 Ra8
30.b4 Nd3 31.Ra1 Rc8 32.Bb6 f3 33.h3 Bd7 34.Rd1 Nge5 35.Bb1 Ba4 36.Bxd3 Bxd1
37.Nd6+ Nxd3 38.Nxc8 Ne1 39.gxf3 Nxf3+ 40.Kf2 Ng5 41.Nd6 Nxh3+ 42.Kg3 Ng5
43.Be3 Kg6 44.Nxb7 Ne4+ 45.Kf4 Nc3 46.Ke5 h5 47.Nd6 h4 48.b5 h3 49.Bg1 Na4
50.Nf5 Kg5 51.Nd4 Kh4 52.Bh2 g5 53.Kd6 g4 54.Nf5+ Kg5 55.Ke5 Be2 56.Bf4+ Kg6
57.Nd4 Bf3 58.Bh2 Nb6 59.Kf4 Nd5+ 60.Kg3 Bd1 61.Bg1 Kf7 62.Nf5 Ke6 63.Nd4+ Kd7
64.a4 Bxa4  1/2-1/2

[Event "Russian Cup f"]
[Site "Sochi"]
[Date "1997.??.??"]
[Round "7"]
[White "Yakovich, Yuri"]
[Black "Ibragimov, Ildar"]
[Result "1-0"]
[WhiteElo "2610"]
[BlackElo "2585"]

1.d4 Nf6 2.c4 e6 3.Nc3 Bb4 4.f3 c5 5.d5 d6 6.e4 Bxc3+ 7.bxc3 e5 8.Bd3 Nbd7
9.Ne2 Nf8 10.Be3 h6 11.Qd2 Ng6 12.O-O Bd7 13.Ng3 Qc7 14.Rab1 O-O-O 15.Rb2 Kb8
16.Rfb1 Ka8 17.Rxb7 Qxb7 18.Rxb7 Kxb7 19.Ne2 Rb8 20.Nc1 Ka8 21.Nb3 Rhc8 22.Qc1 Be8
23.Qa3 Nd7 24.g3 Ne7 25.Bf1 Rc7 26.Qa6 Rb6 27.Qa5 Kb7 28.Bh3 Nc8 29.Bxd7 Bxd7
30.Bxc5 Ra6 31.Bxd6 Rxa5 32.Nxa5+ Kb6 33.Bxc7+ Kxc7 34.c5 Bb5 35.c4 Ba4 36.Kf2 f6
37.Ke3 g5 38.Kd2 h5 39.h4 a6 40.Ke3 gxh4 41.gxh4 Na7 42.Kd2 Nc8 43.f4 exf4
44.Ke2 Kd8 45.Kf3 Ne7 46.Kxf4 Bd7 47.c6 Ng6+ 48.Kg3 Bg4 49.d6 Ne5 50.Nb7+ Kc8
51.d7+ Nxd7 52.cxd7+ Kxd7 53.Nc5+ Kd6 54.Nxa6 Ke5 55.c5 Kxe4 56.c6 Kd5 57.Nb4+ Kc5
58.a3 Kd6 59.Kf4 Be6 60.Ke4 Kc5 61.c7 Kd6 62.Kd4 Kxc7 63.Nd5+ Kd6 64.Nxf6 Bf7
65.Ne4+ Kc6 66.Ke5 Bg6 67.Ng3 Kb5 68.Kf6 Bc2 69.Nxh5 Ka4 70.Kg5 Kxa3 71.Nf6 Kb4
72.h5 Kc5 73.Ng8 Kd6 74.Kf6 Kd7 75.h6 Ke8 76.Kg7 Kd7 77.Nf6+ Ke6 78.Ng4 Bb1
79.Ne3 Ke5 80.Ng2  1-0

[Event "White Nights op"]
[Site "St Petersburg"]
[Date "1997.??.??"]
[Round "?"]
[White "Altshul, Raffael"]
[Black "Rakitskaja, M."]
[Result "0-1"]
[WhiteElo "2365"]
[BlackElo "2150"]

1.d4 Nf6 2.c4 e6 3.Nc3 Bb4 4.f3 c5 5.d5 d6 6.e4 Bxc3+ 7.bxc3 e5 8.Bd3 h6
9.Ne2 Nh5 10.O-O g5 11.g3 Qd7 12.Rf2 Na6 13.Kh1 Qe7 14.Rb1 Kd8 15.Ng1 Nf6
16.Rfb2 Rb8 17.Be3 Rg8 18.Qd2 Nd7 19.Rf1 f6 20.f4 Nc7 21.Qd1 Ne8 22.Rbf2 Nb6
23.fxe5 Qxe5 24.Qc2 Bd7 25.Nf3 Qe7 26.Nd2 Bh3 27.Re1 Nd7 28.Bf1 Bxf1 29.Rfxf1 Ne5
30.Bg1 Qd7 31.Rf5 b6 32.Ref1 Rf8 33.Qb3 Ke7 34.Nf3 Ng7 35.Nxe5 fxe5 36.Rxf8 Rxf8
37.Rxf8 Kxf8 38.Qd1 Ne8 39.Qh5 Kg7 40.Kg2 Nf6 41.Qe2 Qf7 42.Qc2 g4 43.Be3 Qg6
44.Kg1 Qxe4 45.Qd2 Qg6 46.a4 Ne4 47.Qc1 Qf6 48.Qd1 Qf3 49.Qc1 h5 50.Qe1 Kg6
51.Qc1 Qe2 52.Bh6 h4 53.Be3 hxg3 54.hxg3 Nxg3 55.a5 Qf3 56.Qc2+ e4 57.axb6 Ne2+  0-1

[Event "Zagreb op"]
[Site "Zagreb"]
[Date "1998.01.10"]
[Round "8"]
[White "Bozinovic, Bogdan"]
[Black "Matijevic, Hrvoje"]
[Result "0-1"]
[WhiteElo "2245"]
[BlackElo "2250"]

1.d4 Nf6 2.c4 e6 3.Nc3 Bb4 4.f3 d5 5.a3 Bxc3+ 6.bxc3 c5 7.cxd5 Nxd5 8.dxc5 Qa5
9.e4 Ne7 10.Be3 O-O 11.Qb3 Qc7 12.Nh3 e5 13.Nf2 Nec6 14.Rb1 Na5 15.Qb4 Be6
16.Qa4 Nd7 17.Rb5 b6 18.Qb4 Nb3 19.Nd3 a5 20.Qa4 bxc5 21.c4 Nd4 22.Bxd4 cxd4
23.c5 Rfb8 24.Rxb8+ Rxb8 25.Qc2 Rb3 26.Be2 Rc3 27.Qa4 Bb3 28.Qb5 Bc4 29.Qb1 Bxd3
30.Bxd3 Nxc5 31.Be2 Rb3 32.Qc1 Nd3+  0-1

[Event "Honra"]
[Site "Almada"]
[Date "1998.03.05"]
[Round "6"]
[White "Santos, Antonio P"]
[Black "Boino, Claudio"]
[Result "1/2-1/2"]
[WhiteElo "2290"]
[BlackElo "2120"]

1.d4 Nf6 2.c4 e6 3.Nc3 Bb4 4.f3 c5 5.a3 Bxc3+ 6.bxc3 d5 7.cxd5 Nxd5 8.dxc5 Qa5
9.e4 Nf6 10.Ne2 O-O 11.Be3 Nc6 12.Kf2 Nd7 13.Nd4 Nxc5 14.Nxc6 bxc6 15.Qd6 Nb3
16.Ra2 Ba6 17.Rb2 Bxf1 18.Rxf1 Qxc3 19.Rfb1 Rfd8 20.Qb4 Qxb4 21.axb4 Nd4
22.Rc1 h6 23.Rd2 e5 24.Bxd4 Rxd4 25.Rxd4 exd4 26.Rxc6 a5 27.b5 Rb8 28.b6 a4
29.Rd6 a3 30.Rxd4 Rxb6 31.Ra4 Rb2+ 32.Kg3 Ra2 33.Ra8+ Kh7 34.h4 Ra1 35.h5 a2
36.Ra7 Rh1 37.Rxa2 Rxh5  1/2-1/2

[Event "VISA GP"]
[Site "Reykjavik"]
[Date "1998.03.14"]
[Round "5"]
[White "Halldorsson, Bragi"]
[Black "Davies, Nigel R"]
[Result "0-1"]
[WhiteElo "2285"]
[BlackElo "2515"]

1.d4 Nf6 2.c4 e6 3.Nc3 Bb4 4.f3 Nc6 5.e4 e5 6.d5 Nd4 7.a3 Be7 8.Nb5 Nxb5
9.cxb5 Bc5 10.Qc2 d6 11.Bd3 Nh5 12.Ne2 Qh4+ 13.g3 Qf6 14.Ng1 Qg6 15.Ne2 Qf6
16.Ng1 O-O 17.Qg2 Qg6 18.g4 Nf4 19.Bxf4 exf4 20.O-O-O Qf6 21.Kb1 a6 22.Qc2 axb5
23.Bxb5 c6 24.Bc4 Bd7 25.Ne2 Be3 26.h4 Rfc8 27.dxc6 bxc6 28.Qc3 Qe7 29.Qd3 d5
30.exd5 cxd5 31.Bxd5 Rab8 32.Bxf7+ Qxf7 33.Qxd7 Qf6 34.Nd4 Kh8 35.Rh2 Rd8
36.Qa4 Rxd4 37.Rxd4 Bxd4 38.Re2 Be3 39.h5 Qd6 40.Ka1 Rc8 41.Re1 Rd8 42.g5 Qd5
43.h6 Qxg5 44.hxg7+ Qxg7 45.Rh1 Rb8 46.Qc2 Bd4 47.Rb1 Qe5 48.Ka2 Qd5+ 49.b3 Qxf3
50.Rd1 Bg7 51.b4 Qe3 52.Rd3 Qe6+ 53.Kb1 Qf6  0-1

[Event "VISA GP"]
[Site "Reykjavik"]
[Date "1998.03.16"]
[Round "7"]
[White "Asgeirsson, Heimir"]
[Black "Wiese, Hans Joachim"]
[Result "1/2-1/2"]
[WhiteElo "2140"]
[BlackElo "2165"]

1.d4 Nf6 2.c4 e6 3.Nc3 Bb4 4.f3 O-O 5.e4 d6 6.Ne2 e5 7.a3 exd4 8.axb4 dxc3
9.Nxc3 h6 10.Be2 Nc6 11.b5 Ne5 12.O-O Be6 13.b3 Bc8 14.Qd4 Re8 15.Bb2 a6
16.b4 Rb8 17.Rad1 axb5 18.Nxb5 Qe7 19.Na3 Ng6 20.Rfe1 b6 21.Nc2 Nf4 22.Ne3 Qe5
23.Qd2 Qg5 24.Bf1 Nd7 25.Kh1 Ng6 26.g3 Ngf8 27.Bg2 Qg6 28.Nd5 Ne5 29.Nxc7 Nxc4
30.Qc3 Nxb2 31.Qxb2 Re5 32.f4 Rh5 33.Qf2 Bg4 34.Rd2 Bh3 35.Bf3 Bg4 36.Bg2 Qf6
37.Nd5 Qd8 38.f5 Nd7 39.Nf4 Ne5 40.Nxh5 Bxh5 41.h3 f6 42.g4 Bf7 43.b5 Kh7
44.Qd4 Qe8 45.Rb2 Bc4 46.Rc2 Qxb5 47.Qxd6 Qe8 48.Ra1 b5 49.Ra7 Rd8 50.Qc7 Rd7
51.Qc5 Qd8 52.Rc1 Nd3 53.Rxd7 Qxd7 54.Qe3 Nxc1 55.Qxc1 Qd4 56.Qa3 Qd1+ 57.Kh2 Qd2
58.Qf3 b4 59.e5 fxe5 60.Qc6 Bf7 61.Qb7 Be8 62.Kh1 Qd1+ 63.Kh2 Qd6 64.Be4 Kg8
65.h4 Qd2+ 66.Kh3 Qe3+ 67.Kg2 Qe2+ 68.Kh3 Qb5 69.Bd5+ Kf8 70.Qa8 h5 71.gxh5 Qf1+
72.Kg4 Qf4+ 73.Kh3 Qxf5+ 74.Kg3 Qd3+ 75.Kh2 Qe2+ 76.Kh3 Qxh5 77.Qc8 g5 78.Qc5+ Kg7
79.Qe7+ Bf7 80.Qxe5+ Kf8  1/2-1/2

[Event "Zepter op"]
[Site "Minsk"]
[Date "1998.05.03"]
[Round "9"]
[White "Volkov, Sergey"]
[Black "Shariyazdanov, Andrey"]
[Result "1-0"]
[WhiteElo "2545"]
[BlackElo "2495"]

1.d4 Nf6 2.c4 e6 3.Nc3 Bb4 4.f3 d5 5.a3 Bxc3+ 6.bxc3 O-O 7.cxd5 exd5 8.e3 b6
9.Bd3 Ba6 10.Bb1 c5 11.Ne2 Nc6 12.O-O cxd4 13.cxd4 Qd7 14.Bd2 Rfd8 15.Rf2 Bc4
16.Nf4 Qe7 17.h4 Nd7 18.g4 b5 19.g5 a5 20.Rg2 b4 21.Qa4 b3 22.Qxc6 b2 23.Bxh7+ Kh8
24.Re1 Qxa3 25.Nxd5 Rac8 26.Nc7 Qb3 27.Bb1 a4 28.Ba5 a3 29.Bc2 Qa2 30.Bc3 Nf8  1-0

[Event "Toronto op"]
[Site "Toronto"]
[Date "1998.05.17"]
[Round "6"]
[White "Southam, David"]
[Black "Beckwith, Paul H"]
[Result "1/2-1/2"]
[WhiteElo "2155"]
[BlackElo "2230"]

1.d4 Nf6 2.c4 e6 3.Nc3 Bb4 4.f3 Nh5 5.g3 f5 6.Nh3 O-O 7.Bg2 Nc6 8.Qd3 b6
9.a3 Be7 10.b4 Bb7 11.O-O a5 12.b5 Nxd4 13.Na4 e5 14.Bb2 d6 15.f4 Bxg2 16.Kxg2 c5
17.e3 e4 18.Qd1 Nf3 19.Ng1 Nxg1 20.Rxg1 Nf6 21.Bxf6 Bxf6 22.Qd5+ Kh8 23.Rad1 Be7
24.Qd2 Rb8 25.Nc3 Qe8 26.Qe2 Qg6 27.Nd5 Bd8  1/2-1/2

[Event "Hamburg-chI"]
[Site "Hamburg"]
[Date "1998.06.02"]
[Round "5"]
[White "Lindinger, Markus"]
[Black "Lamprecht, Frank"]
[Result "1/2-1/2"]
[WhiteElo "2245"]
[BlackElo "2395"]

1.d4 e6 2.c4 Nf6 3.Nc3 Bb4 4.f3 c5 5.d5 Nh5 6.Nh3 Bxc3+ 7.bxc3 d6 8.Nf2 e5
9.e4 O-O 10.g4 Nf6 11.Bg5 Nbd7 12.Bd3 Re8 13.h4 Nf8 14.Qd2 h6 15.Be3 N6h7
16.Ke2 f6 17.Rhg1 Ng6 18.Rh1 Bd7 19.Rag1 Rb8 20.Kd1 Ba4+ 21.Kc1 b5 22.cxb5 Bxb5
23.Bc2 Qa5 24.g5 Qxa2 25.Kd1 fxg5 26.hxg5 h5 27.Ke1 Qa1+ 28.Nd1 Rf8 29.Qf2 Ba4
30.Bxa4 Qxa4 31.Rxh5 Rb1 32.Qe2 Rfb8 33.Kf2 Ra1 34.Kg3 Rbb1 35.Rhh1 Qb3 36.Re1 a5
37.f4 exf4+ 38.Bxf4 Qb8 39.Qh5 Nhf8 40.e5 Ra4 41.e6 Rxd1 42.Qxd1 Rxf4 43.e7 Qb2
44.Qe2 Qxc3+ 45.Qe3 Qxe3+ 46.Rxe3 Nxe7 47.Rxe7 Rf5 48.Kg4 g6 49.Rh3 Rxd5
50.Rf3 Nh7 51.Re8+ Kg7 52.Re7+ Kg8 53.Re8+  1/2-1/2

[Event "Copenhagen op"]
[Site "Copenhagen"]
[Date "1998.07.01"]
[Round "10"]
[White "Grabliauskas, Virginijus"]
[Black "Djurhuus, Rune"]
[Result "1-0"]
[WhiteElo "2465"]
[BlackElo "2510"]

1.d4 Nf6 2.c4 e6 3.Nc3 Bb4 4.f3 d5 5.a3 Bxc3+ 6.bxc3 O-O 7.cxd5 exd5 8.e3 Re8
9.Bd3 b6 10.Ne2 c5 11.O-O Ba6 12.Ng3 Bxd3 13.Qxd3 Nc6 14.Bb2 Rc8 15.Rad1 h5
16.e4 c4 17.Qc2 g6 18.Rfe1 h4 19.Nf1 Nh5 20.Qd2 Ng7 21.Qh6 dxe4 22.fxe4 f5
23.exf5 gxf5 24.Bc1 Ne7 25.Bg5 Qd7 26.d5 Nxd5 27.Rxe8+ Rxe8 28.Ne3  1-0

[Event "Politiken Cup"]
[Site "Copenhagen"]
[Date "1998.07.06"]
[Round "3"]
[White "Zagorskis, Darius"]
[Black "Nilssen, John Arni"]
[Result "1/2-1/2"]
[WhiteElo "2515"]
[BlackElo "2305"]

1.d4 Nf6 2.c4 e6 3.Nc3 Bb4 4.f3 d5 5.a3 Bxc3+ 6.bxc3 c5 7.cxd5 Nxd5 8.dxc5 Qa5
9.e4 Nf6 10.Be3 Nfd7 11.Qd4 O-O 12.Qb4 Qc7 13.a4 Nc6 14.Qa3 Na5 15.Nh3 b6
16.cxb6 axb6 17.Qb4 Nc6 18.Qb2 Na5 19.Qb4 Nc6  1/2-1/2

[Event "RUS-Cup06"]
[Site "Nizhnij Novgorod"]
[Date "1998.07.07"]
[Round "9"]
[White "Volkov, Sergey"]
[Black "Filippov, Valerij"]
[Result "0-1"]
[WhiteElo "2545"]
[BlackElo "2595"]

1.d4 Nf6 2.c4 e6 3.Nc3 Bb4 4.f3 O-O 5.e4 d5 6.e5 Nfd7 7.cxd5 exd5 8.f4 c5
9.a3 Ba5 10.Nf3 Nc6 11.Be3 cxd4 12.Nxd4 Re8 13.Be2 f6 14.Nb5 d4 15.Bxd4 fxe5
16.Qb3+ Kh8 17.Nd6 Rf8 18.Bf2 Nd4 19.Nf7+ Rxf7 20.Qxf7 Nc2+ 21.Kd2 Nxa1 22.Rxa1 Nc5+
23.Ke1 Be6 24.Qh5 Nd3+ 25.Bxd3 Qxd3 26.Rd1 Qe4+ 27.Kf1 Qxf4 28.Ne2 Qa4 29.Rd6 Qc2
30.Qg5 Bc4  0-1

[Event "RUS-ch51"]
[Site "St Petersburg"]
[Date "1998.08.01"]
[Round "5"]
[White "Volkov, Sergey"]
[Black "Ivanov, Sergey"]
[Result "1/2-1/2"]
[WhiteElo "2605"]
[BlackElo "2550"]

1.d4 Nf6 2.c4 e6 3.Nc3 Bb4 4.f3 d5 5.a3 Bxc3+ 6.bxc3 c5 7.cxd5 Nxd5 8.Qd3 O-O
9.e4 Nf6 10.Bg5 cxd4 11.cxd4 b6 12.e5 Qd5 13.Qd2 Nfd7 14.Bd3 Nc5 15.dxc5 Qxe5+
16.Kf2 Qxa1 17.Be4 Nd7 18.Bxa8 Nxc5 19.Be7 Re8 20.Bc6 Bd7 21.Bxd7 Rxe7 22.Qd6 Qe5
23.Qxe5 Nd3+ 24.Kg3 Nxe5 25.Bb5 a6 26.Bxa6 Ra7 27.Bb5 Rxa3 28.Ne2 g5 29.Nd4 Kg7
30.Rb1 Ra2 31.h3 h5 32.Rb4 h4+ 33.Kh2 Rd2 34.Bf1 Ng6 35.Ne2 Rd6 36.f4 gxf4
37.Nxf4 Ne7 38.Nh5+ Kg6 39.Rxh4 Kg5 40.Rf4 Kxh5 41.Rxf7 Nf5 42.Be2+ Kg5 43.Kg1  1/2-1/2

[Event "MK Cafe Cup-A"]
[Site "Koszalin"]
[Date "1998.08.03"]
[Round "1"]
[White "Miton, Kamil"]
[Black "Sulskis, Sarunas"]
[Result "1/2-1/2"]
[WhiteElo "2415"]
[BlackElo "2555"]

1.d4 Nf6 2.c4 e6 3.Nc3 Bb4 4.f3 d5 5.a3 Bxc3+ 6.bxc3 c5 7.cxd5 Nxd5 8.Qd3 b6
9.e4 Ba6 10.c4 Ne7 11.d5 exd5 12.exd5 O-O 13.Bb2 Nd7 14.O-O-O Nc8 15.Qc3 Qg5+
16.Kb1 Nd6 17.Nh3 Qf6 18.Qc2 Qd8 19.Bd3 Qh4 20.f4 b5 21.Ng5 bxc4 22.Bxh7+ Kh8
23.Rdf1 Rab8 24.Rf3 Rb3 25.Bf5 Bc8 26.Bxd7 Bxd7 27.Rxb3 cxb3 28.Qxc5 Qxf4
29.g3 Qxg5 30.Qxd6 Rd8 31.h4 Bf5+ 32.Ka1 Rxd6 33.hxg5+ Kg8 34.Rd1 Be4 35.Be5 Rxd5
36.Rxd5 Bxd5 37.Kb2 Kh7 38.Kc3 Kg6 39.Bd4 a6 40.Be5  1/2-1/2

[Event "RUS-ch51"]
[Site "St Petersburg"]
[Date "1998.08.03"]
[Round "7"]
[White "Volkov, Sergey"]
[Black "Ionov, Sergey"]
[Result "1-0"]
[WhiteElo "2605"]
[BlackElo "2545"]

1.d4 Nf6 2.c4 e6 3.Nc3 Bb4 4.f3 d5 5.a3 Bxc3+ 6.bxc3 c5 7.cxd5 Nxd5 8.Qd3 b6
9.e4 Ba6 10.Qd2 Bxf1 11.Kxf1 Ne7 12.dxc5 Nd7 13.cxb6 Qxb6 14.Qd4 Nc5 15.Qb4 Qa6+
16.c4 Rc8 17.Ne2 Nd7 18.Qb5 Qb6 19.Bb2 O-O 20.Rd1 a6 21.Qb4 Nc6 22.Qc3 Nf6
23.c5 Qb5 24.Kf2 Na5 25.a4 Qb7 26.Ba3 Nc6 27.Rd6 Rb8 28.Bc1 Rfc8 29.Bf4 Qb4
30.Rxc6 Rxc6 31.Bxb8 Qxb8 32.Nd4 Rc8 33.g3 h5 34.Kg2 h4 35.c6 hxg3 36.hxg3 Qe5
37.Qc4 Rc7 38.Rd1 g5 39.Qxa6 g4 40.Qb5 gxf3+ 41.Nxf3 Qxe4 42.Rd8+ Kg7 43.Rd4 Qg6
44.Qc4 Nd5 45.Kf2 Qb1 46.a5 Qb2+ 47.Rd2 Qb4 48.Qd4+ Kf8 49.a6 Ke7 50.Ra2 Qxd4+
51.Nxd4 e5 52.a7 Nb6 53.Ra6 Na8 54.Nb5 Rc8 55.c7 Rg8 56.Kf3 f5 57.Rc6 Kd7
58.Rd6+ Kc8 59.Rd5 e4+ 60.Kf4 Nb6 61.Rxf5 e3 62.Kf3 Kb7 63.Rf7 Nc8 64.Rd7 e2
65.Kxe2 Rxg3 66.Nd6+ Nxd6 67.Rxd6  1-0

[Event "Eikrem mem"]
[Site "Gausdal"]
[Date "1998.08.05"]
[Round "5"]
[White "Behrhorst, Frank"]
[Black "Mossakowski, Florian"]
[Result "0-1"]
[WhiteElo "2290"]
[BlackElo "2215"]

1.d4 Nf6 2.c4 e6 3.Nc3 Bb4 4.f3 d5 5.a3 Bxc3+ 6.bxc3 c5 7.cxd5 Nxd5 8.dxc5 f5
9.Qc2 f4 10.e4 fxe3 11.Bd3 Nd7 12.c4 Qa5+ 13.Kf1 N5f6 14.Bxe3 Nxc5 15.Bg5 Bd7
16.Bxf6 gxf6 17.Ne2 O-O-O 18.Nc3 Nxd3 19.Qxd3 Bb5 20.Qc2 Bxc4+ 21.Ne2 b5
22.Re1 Rd2 23.Qe4 Rhd8 24.g4 Rxe2 25.Rxe2 Rd2 26.Qc6+ Qc7  0-1

[Event "RUS-ch51"]
[Site "St Petersburg"]
[Date "1998.08.07"]
[Round "11"]
[White "Volkov, Sergey"]
[Black "Yakovich, Yuri"]
[Result "1-0"]
[WhiteElo "2605"]
[BlackElo "2560"]

1.d4 Nf6 2.c4 e6 3.Nc3 Bb4 4.f3 d5 5.a3 Bxc3+ 6.bxc3 c5 7.cxd5 Nxd5 8.dxc5 Qa5
9.e4 Nf6 10.Be3 O-O 11.Qb3 Nfd7 12.Nh3 Qc7 13.Qb5 b6 14.Rd1 Nxc5 15.Bxc5 Ba6
16.Qa4 Bxf1 17.Bxf8 Bxg2 18.Kf2 Bxh1 19.Bd6 Qd8 20.Bc7 Qh4+ 21.Bg3 Qe7 22.Rxh1 Nd7
23.Rd1 Nc5 24.Qc6 Re8 25.Kg2 e5 26.Qd6  1-0

[Event "North Bay op"]
[Site "North Bay"]
[Date "1998.08.08"]
[Round "7"]
[White "Levtchouk, George"]
[Black "Johnstone, Glenn"]
[Result "1/2-1/2"]
[WhiteElo "2330"]
[BlackElo "2265"]

1.d4 e6 2.c4 Nf6 3.Nc3 Bb4 4.f3 d5 5.a3 Bxc3+ 6.bxc3 b6 7.cxd5 exd5 8.e3 O-O
9.Bd3 Re8 10.Ra2 c5 11.Rf2 Ba6 12.Ne2 Bxd3 13.Qxd3 Nc6 14.O-O c4 15.Qc2 b5
16.e4 a5 17.Bg5 h6 18.Bh4 g5 19.Bg3 Nh7 20.e5 b4 21.f4 Ra7 22.fxg5 hxg5 23.axb4 axb4
24.Rxf7 Rxf7 25.Rxf7 Kxf7 26.Qxh7+ Kf8 27.Qh8+ Kf7 28.Qh7+ Kf8  1/2-1/2

[Event "Budapest FS10 IM-B"]
[Site "Budapest"]
[Date "1998.10.10"]
[Round "8"]
[White "Dudas, Janos"]
[Black "Jakab, Attila"]
[Result "1/2-1/2"]
[WhiteElo "2340"]
[BlackElo "2245"]

1.d4 Nf6 2.c4 e6 3.Nc3 Bb4 4.f3 d5 5.e3 O-O 6.a3 Bxc3+ 7.bxc3 b6 8.cxd5 exd5
9.Bd3 Be6 10.Ne2 c5 11.O-O Nc6 12.Ng3 Rc8 13.Re1  1/2-1/2

[Event "BL2-S9899"]
[Site "Germany"]
[Date "1998.10.18"]
[Round "1.2"]
[White "Karolyi, Tibor Jr"]
[Black "Heidenfeld, Mark"]
[Result "1/2-1/2"]
[WhiteElo "2395"]
[BlackElo "2325"]

1.d4 Nf6 2.c4 e6 3.Nc3 Bb4 4.f3 O-O 5.e4 d6 6.Ne2 e5 7.a3 Bxc3+ 8.Nxc3 exd4
9.Qxd4 Nc6 10.Qf2 Be6 11.Be3 Nd7 12.Rd1 f5 13.exf5 Bxf5 14.Nd5 Nb6 15.Be2 Ne5
16.Bxb6 axb6 17.O-O Qd7 18.h3 Be6 19.f4 Ng6 20.Qg3 Rae8 21.Rd2 Ne7 22.Bf3 b5
23.cxb5  1/2-1/2

[Event "SVK-chT2A 9899"]
[Site "SVK"]
[Date "1998.10.18"]
[Round "2"]
[White "Rigo, Zsolt"]
[Black "Petrik, Tomas"]
[Result "1/2-1/2"]
[WhiteElo "2170"]
[BlackElo "2275"]

1.d4 Nf6 2.c4 e6 3.Nc3 Bb4 4.f3 c5 5.d5 Bxc3+ 6.bxc3 e5 7.e4 d6 8.Bd3 Nbd7
9.Ne2 Nf8 10.h4 h5 11.Bg5 Ng6 12.Qb3 Qc7 13.Be3 Bd7 14.Rb1 O-O-O 15.Kd2 Kb8
16.g3 Bc8 17.Ng1 Rhf8 18.Bf1 Ng8 19.Bh3 f5 20.exf5 Bxf5 21.Bxf5 Rxf5 22.Nh3 Rxf3
23.Ng5 Rf6 24.Ne6 Rxe6 25.dxe6 Nf6 26.Kc1 Nf8 27.Bg5 Nxe6 28.Bxf6 gxf6 29.Rf1 Rf8
30.Qd1 Ng7 31.Qd5 Ka8 32.Rf2 Rb8 33.Rxf6 Ne8 34.Rf7 Qc8 35.Rb2 a6 36.a4 e4
37.Qxe4 Nc7 38.Qe7 Qh8 39.Qxc7 Qxc3+ 40.Kb1 Qd3+ 41.Kc1 Qxc4+ 42.Rc2 Qxa4
43.Qxd6  1/2-1/2

[Event "VAM Hoogeveen op"]
[Site "Hoogeveen"]
[Date "1998.10.23"]
[Round "8"]
[White "Golod, Vitali"]
[Black "Solomon, Stephen J"]
[Result "1-0"]
[WhiteElo "2555"]
[BlackElo "2435"]

1.d4 Nf6 2.c4 e6 3.Nc3 Bb4 4.f3 d5 5.a3 Bxc3+ 6.bxc3 c5 7.cxd5 exd5 8.e3 O-O
9.Bd3 Nc6 10.Ne2 Re8 11.O-O Qd6 12.Ng3 Bd7 13.Ra2 Rac8 14.Kh1 a5 15.Raf2 a4
16.Bc2 b5 17.e4 cxd4 18.cxd4 dxe4 19.Nxe4 Nxe4 20.fxe4 Nxd4 21.Bb2 Rxc2 22.Rxc2 Rxe4
23.Rd2 Rh4 24.h3 Bxh3 25.Kg1 Qg3 26.Bxd4 Be6 27.Be5 Qe3+ 28.Rdf2 Qb6 29.Qd6 Qxd6
30.Bxd6 h5 31.Rf4 Rxf4 32.Bxf4 f6 33.Rc1 Bc4 34.Rd1 g5 35.Bc1 Kf7 36.Rd6 Ke7
37.Rb6 g4 38.g3 f5 39.Bf4 Kd7 40.Kf2  1-0

[Event "Panormo zt"]
[Site "Panormo"]
[Date "1998.10.27"]
[Round "4"]
[White "Borg, Geoffrey"]
[Black "Sturua, Zurab"]
[Result "1/2-1/2"]
[WhiteElo "2360"]
[BlackElo "2600"]

1.d4 Nf6 2.c4 e6 3.Nc3 Bb4 4.f3 d5 5.a3 Bxc3+ 6.bxc3 c6 7.e3 O-O 8.cxd5 cxd5
9.c4 b6 10.cxd5 exd5 11.Bd3 Ba6 12.Ne2 Bxd3 13.Qxd3 Nc6 14.Ng3 Qd7 15.Bd2  1/2-1/2

[Event "Najdorf op"]
[Site "Buenos Aires"]
[Date "1998.10.28"]
[Round "5"]
[White "Hoffman, Alejandro"]
[Black "Slipak, Sergio"]
[Result "1/2-1/2"]
[WhiteElo "2525"]
[BlackElo "2500"]

1.d4 Nf6 2.c4 e6 3.Nc3 Bb4 4.f3 c5 5.d5 Bxc3+ 6.bxc3 Qa5 7.Bd2 d6 8.e4 Nbd7
9.Ne2 Ne5 10.Ng3 Bd7 11.a4 h5 12.Be2 h4 13.Nf1 Ng6 14.Ne3 e5 15.O-O Nf4 16.Rf2 N6h5
17.Qb1 Rb8 18.Nf5 Qc7 19.Bf1 g6 20.Nxh4 Qd8 21.g3 Qg5 22.Rg2 Bh3 23.Qe1 Nxg2
24.Bxg5 Nxe1 25.Bxh3 f6 26.Bd2 g5 27.Bxe1 gxh4 28.Bg4 hxg3 29.hxg3 Ke7 30.Kg2 Ng7
31.Bf2 b6  1/2-1/2

[Event "ISR-ch"]
[Site "Ramat Aviv"]
[Date "1998.11.10"]
[Round "2.1"]
[White "Rabinovich, Alexander"]
[Black "Kanstler, Boris"]
[Result "0-1"]
[WhiteElo "2460"]
[BlackElo "2535"]

1.d4 Nf6 2.c4 e6 3.Nc3 Bb4 4.f3 c5 5.d5 b5 6.e4 bxc4 7.a3 Bxc3+ 8.bxc3 d6
9.Bxc4 O-O 10.Ne2 Nxd5 11.Bxd5 exd5 12.Qxd5 Qb6 13.O-O Ba6 14.Re1 Bxe2 15.Rxe2 Na6
16.Rb2 Nc7 17.Qb7 Qa5 18.Bd2 Ne6 19.f4 c4 20.Rb5 Qa4 21.Rab1 Qc2 22.R5b2 Qd3
23.e5 d5 24.f5 Qxf5 25.Qxd5 Rad8 26.Qf3 Qxe5 27.Rb5 Qd6 28.Bg5 Rd7 29.a4 a6
30.Ra5 Rb8 31.Rxb8+ Qxb8 32.Be3 Rd6 33.h3 Qd8 34.Rf5 Rd3 35.Qe4 Rxc3 36.Bf2 Rc1+
37.Kh2 g6 38.Re5 Qb8 39.Bg3 Qa7 40.Be1 Qb8 41.Bg3 Qb1  0-1